000 00377nam a2200157Ia 4500
008 151213s9999 xx 000 0 und d
100 _aA. P. Rossiter
245 _aEnglish Drama
_cA. P. Rossiter
250 _a1st
260 _aLondon
_bHutchinson University
_c1950
300 _a4346 p.
650 _aDrama
650 _aEnglish
700 _aA. P. Rossiter
999 _c2760
_d2760